[Event "Reykjavik op"]
[Site "Reykjavik"]
[Date "2014.03.10"]
[Round "8"]
[White "Hauge, Lars Oskar"]
[Black "Szalontay, Mihaly"]
[Result "1-0"]
[WhiteElo "2308"]
[BlackElo "2066"]
[PlyCount "45"]
[EventDate "2014.03.04"]
[EventType "swiss"]
[EventRounds "10"]
[EventCountry "ISL"]
[SourceTitle "CBM 159 Extra"]
[Source "ChessBase"]
[SourceDate "2014.04.24"]
[SourceVersion "1"]
[SourceVersionDate "2014.04.24"]
[SourceQuality "1"]

1. e4 d6 2. d4 Nf6 3. Nc3 g6 4. f4 Bg7 5. Bd3 0-0 6. Nf3 Nbd7 7. 0-0 c5 8. d5 Qa5 9. Qe2 a6 10. e5 Ne8 11. e6 Ndf6 12. f5 fxe6 13. fxg6 Nc7 14. gxh7+ Kh8 15. Nh4 Nxh7 16. Ng6+ Kg8 17. Nxe7+ Kh8 18. Qh5 Bd4+ 19. Be3 Bxe3+ 20. Kh1 Rf5 21. Rxf5 exf5 22. Qf7 Bd7 23. Ng6# 1-0

[Event "Figueres op 14th"]
[Site "Figueres"]
[Date "2013.08.16"]
[Round "7"]
[White "Lorenzo de la Riva, Lazaro"]
[Black "Szalontay, Mihaly"]
[Result "1-0"]
[WhiteElo "2449"]
[BlackElo "2024"]
[PlyCount "59"]
[EventDate "2013.08.11"]
[EventType "swiss"]
[EventRounds "9"]
[EventCountry "ESP"]
[SourceTitle "CBM 156 Extra"]
[Source "ChessBase"]
[SourceDate "2013.10.22"]
[SourceVersion "1"]
[SourceVersionDate "2013.10.22"]
[SourceQuality "1"]

1. e4 d6 2. d4 Nf6 3. Nc3 g6 4. f4 Bg7 5. Nf3 c5 6. Bb5+ Bd7 7. e5 Ng4 8. Bxd7+ Qxd7 9. d5 dxe5 10. h3 e4 11. hxg4 exf3 12. Qxf3 Na6 13. Bd2 0-0-0 14. 0-0-0 Nb4 15. Ne4 Qxd5 16. Bxb4 Qxa2 17. Qa3 Rxd1+ 18. Rxd1 Bxb2+ 19. Qxb2 Qxb2+ 20. Kxb2 cxb4 21. Kb3 a5 22. Ka4 b6 23. Kb5 Kc7 24. Ng5 h6 25. Nxf7 Rf8 26. Ne5 Rxf4 27. Rd7+ Kc8 28. Rxe7 Rf6 29. Nc6 h5 30. Kxb6 1-0

[Event "London Classic op 4th"]
[Site "London"]
[Date "2012.12.07"]
[Round "7"]
[White "Szalontay, Mihaly"]
[Black "Stone, Andrew"]
[Result "0-1"]
[WhiteElo "2011"]
[BlackElo "2203"]
[PlyCount "36"]
[EventDate "2012.12.01"]
[EventType "swiss"]
[EventRounds "9"]
[EventCountry "ENG"]
[SourceTitle "CBM 151 Extra"]
[Source "ChessBase"]
[SourceDate "2012.12.18"]
[SourceVersion "1"]
[SourceVersionDate "2012.12.18"]
[SourceQuality "1"]

1. e4 e6 2. d4 d5 3. Nd2 Be7 4. Ngf3 Nf6 5. e5 Nfd7 6. Nb3 c5 7. c3 Nc6 8. h4 c4 9. Nbd2 f6 10. exf6 Nxf6 11. g3 0-0 12. Ne5 Nxe5 13. dxe5 Nd7 14. Nf3 Qb6 15. Bh3 Nxe5 16. Bg2 Nd3+ 17. Kd2 Nxf2 18. Qe2 Ne4+ 0-1

[Event "London Classic op 4th"]
[Site "London"]
[Date "2012.12.06"]
[Round "6"]
[White "Villiers, Thomas"]
[Black "Szalontay, Mihaly"]
[Result "0-1"]
[WhiteElo "2202"]
[BlackElo "2011"]
[PlyCount "134"]
[EventDate "2012.12.01"]
[EventType "swiss"]
[EventRounds "9"]
[EventCountry "ENG"]
[SourceTitle "CBM 151 Extra"]
[Source "ChessBase"]
[SourceDate "2012.12.18"]
[SourceVersion "1"]
[SourceVersionDate "2012.12.18"]
[SourceQuality "1"]

1. e4 d6 2. d4 Nf6 3. Nc3 g6 4. Nf3 Bg7 5. Bg5 h6 6. Bh4 c5 7. dxc5 Qa5 8. Bb5+ Bd7 9. Qd3 g5 10. Bg3 Nxe4 11. Bxd7+ Nxd7 12. Qxe4 Bxc3+ 13. bxc3 Qxc3+ 14. Ke2 Nxc5 15. Qd4 Qxc2+ 16. Nd2 0-0 17. Rhc1 Ne6 18. Qe3 Qa4 19. Kf1 Rac8 20. Qb3 Qa6+ 21. Kg1 Rxc1+ 22. Rxc1 Nd4 23. Qb2 Ne2+ 24. Kh1 Nxc1 25. Qxc1 Qxa2 26. h4 Qe6 27. f3 Rc8 28. Qf1 Qe3 29. Qd1 Qd3 30. hxg5 hxg5 31. Be1 Rc2 32. Qa1 Rxd2 33. Bxd2 Qxd2 34. Qxa7 Qd5 35. Qb8+ Kg7 36. Qd8 e6 37. Qb6 Qc6 38. Qd4+ e5 39. Qd3 d5 40. g3 e4 41. Qe3 Qf6 42. fxe4 dxe4 43. Kh2 Qe5 44. Kh3 Kg6 45. g4 Qh8+ 46. Kg2 Qb2+ 47. Kh3 Qb1 48. Kh2 Qc2+ 49. Kg1 Qd1+ 50. Kh2 Qxg4 51. Qb6+ Qe6 52. Qxb7 Qe5+ 53. Kg2 Qf4 54. Qc8 Qf3+ 55. Kh2 e3 56. Qg8+ Kh5 57. Qh8+ Kg4 58. Qc8+ f5 59. Qc5 e2 60. Qg1+ Kh5 61. Qa7 e1N 62. Qf7+ Kg4 63. Qa2 Qh3+ 64. Kg1 Nf3+ 65. Kf2 Qh2+ 66. Kf1 Qg1+ 67. Ke2 Qg2+ 0-1

[Event "London Classic op 4th"]
[Site "London"]
[Date "2012.12.01"]
[Round "1"]
[White "Kouchak, Jason"]
[Black "Szalontay, Mihaly"]
[Result "0-1"]
[WhiteElo "1703"]
[BlackElo "2011"]
[PlyCount "56"]
[EventDate "2012.12.01"]
[EventType "swiss"]
[EventRounds "9"]
[EventCountry "ENG"]
[SourceTitle "CBM 151 Extra"]
[Source "ChessBase"]
[SourceDate "2012.12.18"]
[SourceVersion "1"]
[SourceVersionDate "2012.12.18"]
[SourceQuality "1"]

1. d4 Nf6 2. Nf3 e6 3. Bg5 c5 4. c3 h6 5. Bh4 cxd4 6. cxd4 Bb4+ 7. Nc3 0-0 8. Bxf6 Qxf6 9. e3 b6 10. Bd3 Bb7 11. Qe2 Rc8 12. Rc1 d6 13. a3 Bxc3+ 14. bxc3 Nd7 15. Bb5 Qe7 16. e4 a6 17. Bd3 e5 18. 0-0 Rc7 19. Rfe1 b5 20. Qb2 Nb6 21. Qb4 Rac8 22. dxe5 dxe5 23. Qxe7 Rxe7 24. c4 bxc4 25. Rb1 cxd3 26. Rxb6 Rd7 27. Nxe5 d2 28. Rd1 Rc1 0-1

[Event "Vienna Husek op-A"]
[Site "Vienna"]
[Date "2012.08.18"]
[Round "6"]
[White "Higatsberger, Michael"]
[Black "Szalontay, Mihaly"]
[Result "1-0"]
[WhiteElo "2164"]
[BlackElo "2003"]
[PlyCount "85"]
[EventDate "2012.08.13"]
[EventType "swiss"]
[EventRounds "7"]
[EventCountry "AUT"]
[SourceTitle "EXT 2014"]
[Source "ChessBase"]
[SourceDate "2013.11.20"]
[SourceVersion "1"]
[SourceVersionDate "2013.11.20"]
[SourceQuality "1"]

1. e4 d6 2. d4 Nf6 3. Nc3 g6 4. Be3 c6 5. Qd2 b5 6. f3 Nbd7 7. g4 Nb6 8. g5 Nh5 9. a4 b4 10. Nd1 a5 11. c3 b3 12. c4 Ba6 13. Qc3 d5 14. cxd5 Bxf1 15. Qxc6+ Qd7 16. Kxf1 Rb8 17. Ne2 h6 18. gxh6 Bxh6 19. Bxh6 Rxh6 20. Ra3 Kf8 21. Qxd7 Nxd7 22. Ndc3 Rb4 23. Kf2 Nb6 24. Nc1 Rxd4 25. Rxb3 Rd2+ 26. N1e2 Nc4 27. Rd1 Rxb2 28. Rxb2 Nxb2 29. Rd4 g5 30. e5 Rb6 31. Ke3 Ng7 32. Ke4 Rh6 33. d6 exd6 34. exd6 Re6+ 35. Kd5 Nf5 36. Ne4 Nxd4 37. Nxd4 Rxe4 38. fxe4 Nxa4 39. d7 Ke7 40. Kc6 Nc5 41. Kxc5 Kxd7 42. Kd5 f6 43. Nb3 1-0

[Event "Vienna Husek op-A"]
[Site "Vienna"]
[Date "2012.08.16"]
[Round "4"]
[White "Kende, Richard"]
[Black "Szalontay, Mihaly"]
[Result "0-1"]
[WhiteElo "2077"]
[BlackElo "2003"]
[PlyCount "44"]
[EventDate "2012.08.13"]
[EventType "swiss"]
[EventRounds "7"]
[EventCountry "AUT"]
[SourceTitle "EXT 2014"]
[Source "ChessBase"]
[SourceDate "2013.11.20"]
[SourceVersion "1"]
[SourceVersionDate "2013.11.20"]
[SourceQuality "1"]

1. e4 d6 2. d4 Nf6 3. Nc3 g6 4. Be2 Bg7 5. Bg5 h6 6. Be3 c6 7. Qd2 b5 8. a3 a5 9. h3 Bb7 10. Bf3 Nbd7 11. Nge2 Nb6 12. Bf4 Nc4 13. Qc1 e5 14. Bg3 exd4 15. Nxd4 b4 16. axb4 axb4 17. Rxa8 Bxa8 18. Be2 bxc3 19. Bxc4 cxb2 20. Qxb2 Nxe4 21. Bxf7+ Kxf7 22. Qa2+ d5 0-1

[Event "Budapest op 1st"]
[Site "Budapest"]
[Date "2011.08.25"]
[Round "6"]
[White "Palla, Akos Botond"]
[Black "Szalontay, Mihaly"]
[Result "1-0"]
[WhiteElo "1824"]
[BlackElo "1971"]
[PlyCount "129"]
[EventDate "2011.08.20"]
[EventType "swiss"]
[EventRounds "9"]
[EventCountry "HUN"]
[SourceTitle "EXT 2022"]
[Source "ChessBase"]
[SourceDate "2021.10.06"]
[SourceVersion "1"]
[SourceVersionDate "2021.10.06"]
[SourceQuality "1"]

1. e4 Nf6 2. e5 Nd5 3. d4 d6 4. c4 Nb6 5. exd6 exd6 6. Nc3 g6 7. Qe2+ Qe7 8. Qxe7+ Bxe7 9. Bd3 Nc6 10. Nge2 Bg4 11. b3 Nb4 12. Be4 f5 13. Bb1 Bxe2 14. Nxe2 Bf6 15. a3 Nc6 16. Bb2 Kd7 17. Bd3 Na5 18. Bc3 Nc6 19. 0-0-0 d5 20. c5 Nc8 21. Rhe1 N8e7 22. Bc2 Rae8 23. Ng1 Nc8 24. Nf3 Rxe1 25. Rxe1 Re8 26. Rxe8 Kxe8 27. Kd2 N8e7 28. h3 Nd8 29. g4 fxg4 30. hxg4 Nec6 31. b4 Ne6 32. Bb3 Nexd4 33. Bxd5 Nxf3+ 34. Bxf3 Bxc3+ 35. Kxc3 Ke7 36. g5 Ke6 37. a4 Kf5 38. a5 Nd8 39. b5 Kxg5 40. Kd4 Kf4 41. Bg2 c6 42. a6 Ne6+ 43. Kc3 Nxc5 44. axb7 Nxb7 45. bxc6 Nd6 46. Kb4 Ke5 47. Kc5 g5 48. Bf3 h6 49. c7 a5 50. Bd1 h5 51. Bxh5 a4 52. Kb4 a3 53. Kb3 Kf4 54. Be2 g4 55. Kxa3 g3 56. fxg3+ Kxg3 57. Kb4 Kf4 58. Kc5 Ke5 59. Kc6 Nc8 60. Bc4 Kf6 61. Ba6 Ne7+ 62. Kd6 Nf5+ 63. Kd7 Ne7 64. Bc4 Nc6 65. Kxc6 1-0

[Event "London sim2"]
[Site "London"]
[Date "2010.12.14"]
[Round "?"]
[White "Kortschnoj, Viktor Lvovich"]
[Black "Szalontay, Mihaly"]
[Result "1-0"]
[WhiteElo "2548"]
[BlackElo "1977"]
[PlyCount "53"]
[EventDate "2010.12.14"]
[EventType "simul"]
[EventRounds "1"]
[EventCountry "ENG"]
[SourceTitle "CBM 140 Extra"]
[Source "ChessBase"]
[SourceDate "2011.03.01"]
[SourceVersion "1"]
[SourceVersionDate "2011.03.01"]
[SourceQuality "1"]

1. d4 Nf6 2. c4 e5 3. dxe5 Ng4 4. Bf4 Nc6 5. Nf3 Bb4+ 6. Nc3 Bxc3+ 7. bxc3 Qe7 8. Qd5 f6 9. exf6 Nxf6 10. Qd3 d6 11. g3 0-0 12. Bg2 Bg4 13. 0-0 Rae8 14. Rab1 b6 15. Rfe1 Bh5 16. Nh4 Ne5 17. Bxe5 dxe5 18. h3 e4 19. Qe3 Qe6 20. g4 Bxg4 21. hxg4 Nxg4 22. Qg5 h6 23. Qd5 Qxd5 24. cxd5 g5 25. Bh3 Nxf2 26. Be6+ Rxe6 27. dxe6 1-0

[Event "London Classic op"]
[Site "London"]
[Date "2010.12.11"]
[Round "4"]
[White "White, Michael JR"]
[Black "Szalontay, Mihaly"]
[Result "1-0"]
[WhiteElo "2247"]
[BlackElo "1977"]
[PlyCount "95"]
[EventDate "2010.12.08"]
[EventType "swiss"]
[EventRounds "9"]
[EventCountry "ENG"]
[SourceTitle "CBM 139 Extra"]
[Source "ChessBase"]
[SourceDate "2011.01.05"]
[SourceVersion "1"]
[SourceVersionDate "2011.01.05"]
[SourceQuality "1"]

1. d4 Nf6 2. c4 e5 3. dxe5 Ng4 4. Bf4 Nc6 5. Nf3 Bb4+ 6. Nbd2 Qe7 7. e3 Ngxe5 8. Nxe5 Nxe5 9. Be2 a5 10. 0-0 d6 11. Nf3 Ng6 12. Bg3 h5 13. h3 h4 14. Bh2 b6 15. a3 Bc5 16. b4 axb4 17. axb4 Rxa1 18. Qxa1 Bxe3 19. fxe3 Qxe3+ 20. Rf2 0-0 21. Qd4 Re8 22. Qxe3 Rxe3 23. Nd4 Ba6 24. Rf3 Re4 25. b5 Bc8 26. Rd3 Ne5 27. Rd2 Be6 28. Nxe6 fxe6 29. Rc2 Kf7 30. Kf2 Kf6 31. Ra2 Ke7 32. Ra7 Kd7 33. Ra8 Nxc4 34. Rg8 Nd2 35. Rxg7+ Kd8 36. g4 hxg3+ 37. Bxg3 Rb4 38. h4 Ne4+ 39. Kf3 Nxg3 40. Kxg3 Rb1 41. Kf2 Rc1 42. h5 Ke8 43. h6 Kf8 44. Rd7 Kg8 45. Bd3 Rh1 46. h7+ Kh8 47. Rd8+ Kg7 48. Rg8+ 1-0

[Event "London Classic op"]
[Site "London"]
[Date "2010.12.10"]
[Round "3"]
[White "Szalontay, Mihaly"]
[Black "Zymberi, Astrit"]
[Result "1-0"]
[WhiteElo "1977"]
[BlackElo "2148"]
[PlyCount "119"]
[EventDate "2010.12.08"]
[EventType "swiss"]
[EventRounds "9"]
[EventCountry "ENG"]
[SourceTitle "CBM 139 Extra"]
[Source "ChessBase"]
[SourceDate "2011.01.05"]
[SourceVersion "1"]
[SourceVersionDate "2011.01.05"]
[SourceQuality "1"]

1. e4 c5 2. c3 d5 3. exd5 Qxd5 4. d4 Nf6 5. Nf3 Nc6 6. Be2 cxd4 7. cxd4 e6 8. Nc3 Qd6 9. 0-0 Be7 10. Nb5 Qd8 11. Bf4 Nd5 12. Bg3 0-0 13. Bc4 a6 14. Bxd5 exd5 15. Nc7 Rb8 16. Qb3 Bd6 17. Qxd5 Bxc7 18. Qxd8 Bxd8 19. d5 Ra8 20. dxc6 bxc6 21. Rac1 Bf6 22. Be5 Bxe5 23. Nxe5 Be6 24. b3 a5 25. Nxc6 a4 26. Nd4 axb3 27. Nxe6 fxe6 28. axb3 Rab8 29. Rc3 Rb6 30. Rfc1 h6 31. h4 Rf5 32. Rg3 Rb4 33. Rc8+ Rf8 34. Rxf8+ Kxf8 35. Rf3+ Ke7 36. g3 e5 37. Kf1 Ke6 38. Ke2 Rb7 39. Kd2 e4 40. Re3 Kd5 41. Kc3 Rf7 42. Re2 Rc7+ 43. Kb2 Rf7 44. Rd2+ Kc5 45. Rc2+ Kd4 46. b4 Rf3 47. Ka2 Rf5 48. Rb2 Rb5 49. Kb3 Kd3 50. Ka4 Rb8 51. b5 Kc3 52. Rb3+ Kc4 53. Rb4+ Kc5 54. b6 Rb7 55. Ka5 Rb8 56. b7 g5 57. h5 g4 58. Rb5+ Kc6 59. Ka6 e3 60. fxe3 1-0